Poesía completa
Saved in:
| Main Author: | |
|---|---|
| Format: | Book |
| Language: | Spanish |
| Published: |
Valparaíso
Ediciones Caronte
2014
|
| Edition: | 1a. ed |
| Subjects: | |
| Tags: |
Add Tag
No Tags, Be the first to tag this record!
|
MARC
| LEADER | 00000cam a2200000 a 4500 | ||
|---|---|---|---|
| 001 | UCE3587 | ||
| 003 | CL-VaPUC | ||
| 008 | 140911e20140500cl |||||||||||||||||spa|d | ||
| 082 | 0 | 4 | |a Ch861 |b FIG |2 21 |
| 100 | 0 | |a Figueroa Estay, Gabriel |e author |9 576046 | |
| 245 | 1 | 0 | |a Poesía completa |
| 250 | |a 1a. ed | ||
| 300 | |a 178 p | ||
| 942 | |c BK | ||
| 945 | |d 20140911 14:25:00 |a arojas | ||
| 260 | |a Valparaíso |b Ediciones Caronte |c 2014 | ||
| 650 | 0 | |a Poesías chilenas |9 265280 | |
| 650 | 0 | |a Literatura chilena |9 308278 | |
| 583 | |a last modification |c 20140911 14:25:00 |k Rodrigo Vera | ||
| 999 | |c 356799 |d 356797 | ||
| 952 | |0 0 |1 0 |3 erb |4 0 |6 CH_861_000000000000000_FIG_2014 |7 0 |8 A |9 464529 |a BIBEDU |b BIBEDU |c ES_NOD |i 5113075 |o Ch861 FIG 2014 |p 5113075 |r 2023-08-09 |w 2019-11-23 |y BK |z Catalogado en:20140911 |k LIT | ||
| 952 | |0 0 |1 0 |3 erb |4 0 |6 CH_861_000000000000000_FIG_2014 |7 0 |8 A |9 464530 |a BIBEDU |b BIBEDU |c ES_NOD |i 5113083 |o Ch861 FIG 2014 |p 5113083 |r 2023-08-09 |w 2019-11-23 |y BK |z Catalogado en:20140911 |k LIT | ||